Facility manažment podniku a jeho vplyv na náklady diplomová práca

Saved in:
Bibliographic Details
Main Author: Škúci, Branislav
Corporate Author: Fakulta podnikového manažmentu EU. Katedra podnikovohospodárska
Other Authors: Serina, Pavol
Format: Book
Language:Slovak
Published: Bratislava 2011
Tags: Add Tag
No Tags, Be the first to tag this record!

MARC

LEADER 00000nbm a2200000 4500
001 0131537
005 20161109101712.4
041 0 |a slo 
044 |a SK 
245 1 0 |a Facility manažment podniku a jeho vplyv na náklady  |b diplomová práca  |c Branislav Škúci ; školiteľ: Pavol Serina 
264 1 |a Bratislava  |c 2011 
300 |a 62 s. 
100 1 |a Škúci, Branislav 
700 1 |a Serina, Pavol 
710 2 |a Fakulta podnikového manažmentu EU. Katedra podnikovohospodárska